Manualidades: artesanías, juguetes y regalos (Registro nro. 2264)
[ vista simple ]
| 000 -Cabecera | |
|---|---|
| Campo de control de longitud fija | 00563aam a2200241 4500 |
| 005 - Fecha y hora de la última transacción | |
| Campo de control | 20240516161505.0 |
| 008 - Elementos de longitud fija--Información general | |
| Campo de control de longitud fija | 150526b xxu||||| |||| 00| 0 spa d |
| 020 ## - International Standard Book Number | |
| Número Internacional Estándar del Libro (ISBN) | 9786074360172 |
| 041 ## - Idioma | |
| Código de idioma | Español |
| 082 ## - Clasificación Decimal Dewey | |
| Número de clasificación | 745.5 M294m |
| 245 ## - Título propiamente dicho | |
| Título | Manualidades: artesanías, juguetes y regalos |
| 260 ## - Pie de imprenta | |
| Lugar de publicación, distribución, etc. | México |
| 260 ## - Pie de imprenta | |
| Nombre del editor, distribuidor, etc. | Lexus |
| 260 ## - Pie de imprenta | |
| Fecha de publicación, distribución, etc. | 2009 |
| 300 ## - Descripción física | |
| Extensión | 200 páginas |
| 650 ## - Materia general | |
| Temática (materia general) | MANUALIDADES |
| 650 ## - Materia general | |
| Temática (materia general) | ARTESANÍAS |
| 650 ## - Materia general | |
| Temática (materia general) | JUGUETES |
| 650 ## - Materia general | |
| Temática (materia general) | REGALOS |
| 650 ## - Materia general | |
| Temática (materia general) | MATERIALES RECICLABLES |
| 942 ## - Punto de acceso adicional KOHA | |
| Tipo de ítem KOHA | Libro |
| Fuente del sistema de clasificación o colocación | Dewey Decimal Classification |
| Signatura completa | Código de barras | Programa Académico | Tipo de ítem |
|---|---|---|---|
| 745.5 M294m | 15179 | Dirección de Educación Comunitaria y Asistencia Técnica | Libro |